000 00783na a2200265 4500
999 _c9545
_d9545
001 17830
003 MIRAKIL
005 20211214000606.0
008 161104b tu 000 0
035 _a17830
040 _aMilas
_btur
_cTR-AnCHP
041 _atur
082 _aCHP 324.2172
_bG56t 1965
090 _aCHP 324.2172 G56t 1965
100 _aGiritlioğlu, Fahir
_cEdirne Milletvekili
245 _aTürk siyasi tarihinde Cumhuriyet Halk Partisinin mevkii
_cFahir Giritlioğlu
260 _aAnkara
_b[yayl. y.]
_c1965
_fAyyıldız Matbaası
300 _ac. <c. 2>.
_c23 sm.
610 _aCHP
_xTarih
650 0 _aSiyaset ve yönetim
_xTürkiye
_zTürkiye
_99
650 0 _aSiyasi partiler
_xTarih
_9807
_zTürkiye
700 _a
942 _2ddc
_cBKS
999 _d9545